Prueba de Jordania - Estadísticas

Estadísticas generales
  • Esta prueba ha sido intentada 1.133 veces
  • La puntuación promedio es 13 de 19
Estadísticas de respuestas
Pista Respuesta % Correcto
Idioma oficial Árabe
98%
Países limítrofes Israel
98%
Países limítrofes Siria
95%
Países limítrofes Arabia Saudita
91%
Países limítrofes Irak
90%
Capital Amán
85%
Mar que Jordania bordea a través del Golfo de Aqaba Mar Rojo
83%
Jordania fue un "protectorado" de este país de 1921 a 1946 Reino Unido
81%
Mar interior cuyas costas son el punto más bajo del mundo en tierra Mar Muerto
80%
Ciudad antigua que es la atracción turística más popular de Jordania Petra
78%
El país de Jordania se llama así por un... Río
73%
Los cineastas a veces visitan Wadi Rum porque se parece a la superficie de... Marte
67%
La salsa de garbanzos a menudo se sirve con pita Hummus
57%
Moneda Dinar
51%
El antiguo nombre de la región {Trans}jordania
39%
La actual reina consorte Rania
34%
El actual rey Abdalá II
25%
Ex rey, 1952–1999 Husein
25%
Región, empezando con L, de la que Jordania forma parte Levante mediterráneo
25%
No se encontraron pruebas coincidentes
Distribución de puntuación
Porcentaje de gente con cada puntuación
Porcentaje por número respondido
Historial de tus puntuaciones
No has intentado esta prueba.